000 01209nam a2200361 c 4500
003 BLK
005 20250113093811.0
008 180407b bul|||||r ||||||| ||bul||
010 _aKNG00032471000
020 _a954-8047-46-2
040 _aBLK
041 _aBUL
_cBUL
072 7 _2bullib
_aК
_xКраезнание
072 7 _2bullib
_aРА
_xРусенски автори
080 _aБългарска литература
_b821.163.2
_x-1
_z821.163.2-1
100 1 _aЦанев, Стефан Неделчев
_d1936-
_gПисател, поет, драматург.
_9364639
139 _aЦанев, Стефан Неделчев
_bЦ 16
245 1 0 _aСтъпки по облаците
_bСтихове
_cСтефан Неделчев Цанев.
257 _aBGR
260 _bБибл. 48
_c1997
_aСофия
300 _a134 с.
_c20 см
380 _aX
659 _aК
852 _aЦб 192168
852 _aК 821.163.2/Ц 16 С
856 4 _qpdf
856 4 _qpdf
942 _cKNG
_n0
_s1
_01
944 _aCR
_c15.01.2003
_k30530
_lМинев Младен
944 _aED
_c14.02.2018
_kВаля_Йорданова
999 _c29844
_d29844
999 _d29844
999 _d29844